<?xml version="1.0" encoding="UTF-8"?>
<record
    xmlns:xsi="http://www.w3.org/2001/XMLSchema-instance"
    xsi:schemaLocation="http://www.loc.gov/MARC21/slim http://www.loc.gov/standards/marcxml/schema/MARC21slim.xsd"
    xmlns="http://www.loc.gov/MARC21/slim">

  <leader>02370nam a22005057a 4500</leader>
  <controlfield tag="003">OSt</controlfield>
  <controlfield tag="005">20240710123701.0</controlfield>
  <controlfield tag="007">ta</controlfield>
  <controlfield tag="008">201110e2010    rd acbdgri||| 00| 0 spa d</controlfield>
  <datafield tag="020" ind1=" " ind2=" ">
    <subfield code="a">9789945004014</subfield>
  </datafield>
  <datafield tag="040" ind1=" " ind2=" ">
    <subfield code="a">DO-SdBNP</subfield>
    <subfield code="b">spa</subfield>
    <subfield code="c">BNPHU</subfield>
  </datafield>
  <datafield tag="041" ind1=" " ind2=" ">
    <subfield code="h">Spa</subfield>
  </datafield>
  <datafield tag="082" ind1=" " ind2="4">
    <subfield code="a">972.93</subfield>
    <subfield code="b">M385ma 2010</subfield>
    <subfield code="2">22</subfield>
  </datafield>
  <datafield tag="100" ind1="1" ind2=" ">
    <subfield code="a">Mart&#xED;nez Almanzar, Juan Francisco</subfield>
    <subfield code="d">1950 -</subfield>
    <subfield code="9">10459</subfield>
  </datafield>
  <datafield tag="240" ind1=" " ind2=" ">
    <subfield code="a">[Historia dominicana]</subfield>
  </datafield>
  <datafield tag="245" ind1="1" ind2="0">
    <subfield code="a">Manual de historia cr&#xED;tica dominicana /</subfield>
    <subfield code="c">Juan Francisco Mart&#xED;nez Alm&#xE1;nzar</subfield>
  </datafield>
  <datafield tag="250" ind1=" " ind2=" ">
    <subfield code="a">10.va.</subfield>
  </datafield>
  <datafield tag="260" ind1=" " ind2=" ">
    <subfield code="a">Santo Domingo :</subfield>
    <subfield code="b">CAIS,</subfield>
    <subfield code="c">2010.</subfield>
  </datafield>
  <datafield tag="300" ind1=" " ind2=" ">
    <subfield code="a">xviii, 566 p. </subfield>
    <subfield code="b">il., retrs, mapas, diagrama ;</subfield>
    <subfield code="c">20 cm</subfield>
  </datafield>
  <datafield tag="490" ind1=" " ind2=" ">
    <subfield code="a">Centro de adiestramiento e investigaci&#xF3;n social (CAIS)</subfield>
  </datafield>
  <datafield tag="500" ind1="0" ind2=" ">
    <subfield code="a">Contiene bibliograf&#xED;a.</subfield>
  </datafield>
  <datafield tag="500" ind1="2" ind2="0">
    <subfield code="a">Contiene datos biogr&#xE1;ficos del autor.</subfield>
  </datafield>
  <datafield tag="505" ind1="2" ind2="0">
    <subfield code="a">Cap&#xED;tulo I :</subfield>
    <subfield code="t">Situaci&#xF3;n de Europa antes del descubrimiento de Am&#xE9;rica.-</subfield>
  </datafield>
  <datafield tag="505" ind1="2" ind2="0">
    <subfield code="a">Cap&#xED;tulo II :</subfield>
    <subfield code="t">La sociedad aborigen y el descubrimiento.-</subfield>
  </datafield>
  <datafield tag="505" ind1="2" ind2="0">
    <subfield code="a">Cap&#xED;tulo III :</subfield>
    <subfield code="t">Conquista y colonizaci&#xF3;n.-</subfield>
  </datafield>
  <datafield tag="505" ind1="2" ind2="0">
    <subfield code="a">Cap&#xED;tulo IV :</subfield>
    <subfield code="t">La primera mitad del siglo XVI.-</subfield>
  </datafield>
  <datafield tag="505" ind1="2" ind2="0">
    <subfield code="a">Cap&#xED;tulo V :</subfield>
    <subfield code="t">La espa&#xF1;ola en la segunda mitad del siglo XVI.-</subfield>
  </datafield>
  <datafield tag="505" ind1="2" ind2="0">
    <subfield code="a">Cap&#xED;tulo VI :</subfield>
    <subfield code="t">la isla de Santo Domingo en el siglo XVII.-</subfield>
  </datafield>
  <datafield tag="505" ind1="2" ind2="0">
    <subfield code="a">Cap&#xED;tulo VII :</subfield>
    <subfield code="t">La isla de Santo Domingo en el siglo XVIII.-</subfield>
  </datafield>
  <datafield tag="505" ind1="2" ind2="0">
    <subfield code="a">Cap&#xED;tulo IX :</subfield>
    <subfield code="t">La primera rep&#xFA;blica (1844-1861).-</subfield>
  </datafield>
  <datafield tag="505" ind1="2" ind2="0">
    <subfield code="a">Cap&#xED;tulo XI :</subfield>
    <subfield code="t">Los inicios de la segunda rep&#xFA;blica.-</subfield>
  </datafield>
  <datafield tag="505" ind1="2" ind2="0">
    <subfield code="a">Cap&#xED;tulo XII :</subfield>
    <subfield code="t">La lucha por el poder entre azules y rojos.-</subfield>
  </datafield>
  <datafield tag="505" ind1="2" ind2="0">
    <subfield code="a">Cap&#xED;tulo XIII : </subfield>
    <subfield code="t">La dictadura de Ulises Heureaux.-</subfield>
  </datafield>
  <datafield tag="505" ind1="2" ind2="0">
    <subfield code="a">Cap&#xED;tulo XIV :</subfield>
    <subfield code="t">Los primeros a&#xF1;os del siglo XX.-</subfield>
  </datafield>
  <datafield tag="505" ind1="2" ind2="0">
    <subfield code="a">Cap&#xED;tulo XV :</subfield>
    <subfield code="t"> La intervenci&#xF3;n militar norteamericana (1916-1924).-</subfield>
  </datafield>
  <datafield tag="505" ind1="2" ind2="0">
    <subfield code="a">Cap&#xED;tulo XVI :</subfield>
    <subfield code="t">Los indicios de la tercera rep&#xFA;blica.-</subfield>
  </datafield>
  <datafield tag="505" ind1="2" ind2="0">
    <subfield code="a">Cap&#xED;tulo XVII :</subfield>
    <subfield code="t">La dictadura trujillista.-</subfield>
  </datafield>
  <datafield tag="505" ind1="2" ind2="0">
    <subfield code="a">Cap&#xED;tulo XVIII :</subfield>
    <subfield code="t">Los primeros cinco a&#xF1;os de la d&#xE9;cada de 1960.  (1961-1966).-</subfield>
  </datafield>
  <datafield tag="505" ind1="2" ind2="0">
    <subfield code="a">Cap&#xED;tulo XIX :</subfield>
    <subfield code="t">Balaguer y los perredeistas en el poder (1966-1996).-</subfield>
  </datafield>
  <datafield tag="505" ind1="2" ind2="0">
    <subfield code="a">Cap&#xED;tulo XX :</subfield>
    <subfield code="t">Peledeistas y perredeistas en el poder.-</subfield>
  </datafield>
  <datafield tag="590" ind1=" " ind2=" ">
    <subfield code="a">Inventariado, 2021 / DG</subfield>
  </datafield>
  <datafield tag="650" ind1="4" ind2=" ">
    <subfield code="a">Rep&#xFA;blica Dominicana</subfield>
    <subfield code="x">Historia</subfield>
    <subfield code="9">416</subfield>
  </datafield>
  <datafield tag="710" ind1="2" ind2="2">
    <subfield code="a">Centro de Adiestramiento e Investigaci&#xF3;n Social (Rep&#xFA;blica Dominicana)</subfield>
    <subfield code="9">46052</subfield>
  </datafield>
  <datafield tag="942" ind1=" " ind2=" ">
    <subfield code="2">ddc</subfield>
    <subfield code="c">LBS1</subfield>
  </datafield>
  <datafield tag="952" ind1=" " ind2=" ">
    <subfield code="0">0</subfield>
    <subfield code="1">0</subfield>
    <subfield code="2">ddc</subfield>
    <subfield code="5">1</subfield>
    <subfield code="7">0</subfield>
    <subfield code="8">PD</subfield>
    <subfield code="a">BNPHU</subfield>
    <subfield code="b">BNPHU</subfield>
    <subfield code="c">HD</subfield>
    <subfield code="d">2019-05-07</subfield>
    <subfield code="e">Dep&#xF3;sito legal</subfield>
    <subfield code="o">BNPHU PD 972.93 M385ma 2010</subfield>
    <subfield code="p">49122</subfield>
    <subfield code="r">2020-11-10</subfield>
    <subfield code="w">2020-11-10</subfield>
    <subfield code="y">LBS1</subfield>
  </datafield>
  <datafield tag="999" ind1=" " ind2=" ">
    <subfield code="c">49122</subfield>
    <subfield code="d">49122</subfield>
  </datafield>
</record>
